000 00714cas a2200229 4500
001 L158349
008 150113n2011 eng u
035 _a(Sirsi) u158349
041 0 _aeng
110 2 _aKnight Frank
_91530
245 0 0 _aPrime Global Rental Index
_h[electronic resource]
260 _c2011
490 0 _aPrime Global Rental Index
520 _aTracks the performance of prime residential rental properties across key world cities.
554 _aMonthly
650 2 4 _aPRIME
650 2 4 _aRENTS
651 4 _aInternational
690 _aResidential property
_96266
856 4 8 _uhttps://www.knightfrank.com/research/
_zView the item free of charge at www.knightfrank.com
942 _n0
999 _c119403
_d119403